Focus sur: Lobelia Sacquet de Besace - Tolkien - Statistiques

Statistiques générales
  • Ce quiz a été pris 7 fois
    5 depuis la dernière actualisation
  • Le résultat moyen est 6 sur 16
Statistiques - réponses
Informations recherchées Réponses % Correct
Couleur des cheveux Brun
80%
Contrée Comté
80%
Demeure Cul-de-Sac
80%
Espèce Hobbit
80%
Première apparition Le Seigneur des Anneaux: La Communauté de l'Anneau
80%
Age durant lequel elle vécut Troisième
60%
Ville Hobbiteville
40%
Fils Lothon Sacquet de Besace
40%
Epoux Othon Sacquet de Besace
40%
Acteur l'interprétant dans les films Elizabeth Moody
20%
Nom de jeune fille Sanglebuc
20%
Autre traduction du nom Bessac-Descarcelle
0%
Père Blanco Serreceinture
0%
Frère Bruno Serreceinture
0%
Mère Primerose Boffine
0%
Autre traduction du nom de jeune fille Serreceinture
0%
Aucun quiz correspondant
Distribution des résultats
% des personnes avec chaque résultat
Percentile par nombre de réponses
Votre historique - résultats
Vous n’avez pas pris ce quiz depuis la dernière actualisation